MARC

LEADER 00000nas a2200000 a 4500
001 ssj0059454
003 WaSeSS
005 20200512172242.0
006 m d
007 cr n
008 940722c19919999sp ar m s 0 0spa c
010 |a  99110329   |z sn 94031028  
022 |l 1131-6993  |y 1131-6993 
035 |a (WaSeSS)ssj0059454 
040 |a HUL  |b eng  |c HUL  |d OCL  |d DLC  |d HUL  |d DLC  |d SYS  |d NLGGC  |d HUL  |d OCLCQ  |d OCLCF  |d OCLCO  |d CUS  |d OCLCQ  |d L2U  |d WaSeSS 
042 |a pcc 
043 |a e------ 
050 0 0 |a CC13.S66  |b C66 
222 0 |a Complutum  |b (Madrid) 
245 0 0 |a Complutum  |h [electronic resource]. 
260 |a Madrid :  |b Editorial Complutense,  |c 1991- 
310 |a Semiannual,  |b 2008- 
321 |a Annual,  |b -2007 
362 0 |a 1 (1991)- 
490 1 |a Publicaciones del Departamento de Prehistoria y Etnología de la Universidad Complutense de Madrid 
506 |a License restrictions may limit access. 
550 |a Issued by: Departamento de Prehistoria, Facultad de Geografía e Historia, Universidad Complutense. 
580 |a Has annual supplement: Complutum. Extra. 
588 |a Latest issue consulted: Vol. 19:no. 1 (2008). 
650 0 |a Archaeology  |v Periodicals. 
650 0 |a Excavations (Archaeology)  |z Europe  |v Periodicals. 
650 0 |a Prehistoric peoples  |z Europe  |v Periodicals. 
650 0 |a Antiquities, Prehistoric  |z Europe  |v Periodicals. 
650 7 |a 15.32 prehistoric and protohistoric archaeology.  |0 (NL-LeOCL)077609476  |2 bcl 
650 7 |a Antiquities.  |2 fast  |0 (OCoLC)fst00810745 
650 7 |a Antiquities, Prehistoric.  |2 fast  |0 (OCoLC)fst00810762 
650 7 |a Archaeology.  |2 fast  |0 (OCoLC)fst00812938 
650 7 |a Excavations (Archaeology)  |2 fast  |0 (OCoLC)fst00917564 
650 7 |a Prehistoric peoples.  |2 fast  |0 (OCoLC)fst01075242 
650 1 7 |a Prehistorie.  |2 gtt 
650 1 7 |a Culturele antropologie.  |2 gtt 
650 1 7 |a Archeologie.  |2 gtt 
651 0 |a Europe  |x Antiquities  |v Periodicals. 
651 7 |a Europe.  |2 fast  |0 (OCoLC)fst01245064 
655 0 |a Electronic journals. 
710 2 |a Universidad Complutense de Madrid.  |b Departamento de Prehistoria. 
770 1 |t Complutum. Extra  |x 1133-0147  |w (DLC)sn 98032597  |w (OCoLC)38893076 
830 0 |a Publicaciones del Departamento de Prehistoria y Etnología de la Universidad Complutense de Madrid. 
850 |a DLC MH-P 
853 0 3 |8 1  |a (*)  |i (year) 
856 4 0 |z Full text available from PRISMA Database with HAPI Index: 01/01/2005 to 01/31/2016  |u https://search.proquest.com/publication/85340 
863 4 0 |8 1  |a <1>-  |i <1991>-  |x provisional